| 000 | 00432nam a22001697a 4500 | ||
|---|---|---|---|
| 005 | 20251108165311.0 | ||
| 008 | 250721s1992 xx 000 0 ara d | ||
| 082 | 1 | 4 | _a956.52/شرع |
| 100 | 1 | _aشرعان، فارس | |
| 245 | 1 | 0 | _aدفاعا عن القدس / |
| 264 | 1 |
_aعمان : _c1992. |
|
| 300 | _a201ص. | ||
| 650 | 1 | 7 | _aتاريخ فلسطين |
| 650 | 1 | 7 | _aتاريخ القدس |
| 942 |
_2ddc _cBK |
||
| 999 |
_c24515 _d24515 |
||